| 000 | 00559nam a2200157Ia 4500 | ||
|---|---|---|---|
| 008 | 151213s9999 xx 000 0 und d | ||
| 100 | _aরফিকউল্লাহ খান। | ||
| 245 |
_aকবিতা ও সমাজ। _cরফিকউল্লাহ খান। |
||
| 250 | _a১ম সং | ||
| 260 |
_aঢাকা _bবাংলা একাডেমী। _c1985 |
||
| 300 | _a4460 p. | ||
| 650 | _aBangla | ||
| 650 | _aসমালোচনা গ্রন্থ | ||
| 700 | _aরফিকউল্লাহ খান। | ||
| 999 |
_c2835 _d2835 |
||